The routledge companion to free will / (Record no. 14670)
[ view plain ]
| 000 -LEADER | |
|---|---|
| fixed length control field | 00770cam a2200241 i 4500 |
| 001 - CONTROL NUMBER | |
| control field | TB12222 |
| 003 - CONTROL NUMBER IDENTIFIER | |
| control field | IN-BhIIT |
| 005 - DATE AND TIME OF LATEST TRANSACTION | |
| control field | 20250321094352.0 |
| 008 - FIXED-LENGTH DATA ELEMENTS--GENERAL INFORMATION | |
| fixed length control field | 160613s2017 nyu b 001 0 eng |
| 020 ## - INTERNATIONAL STANDARD BOOK NUMBER | |
| ISBN | 9780367869977 (pbk.) |
| 040 ## - CATALOGING SOURCE | |
| Original cataloging agency | IN-BhIIT |
| 041 ## - LANGUAGE CODE | |
| Language code of text | eng |
| 082 00 - DEWEY DECIMAL CLASSIFICATION NUMBER | |
| Classification number | 170 |
| Book number | TIM/R |
| 245 04 - TITLE STATEMENT | |
| Title | The routledge companion to free will / |
| Statement of responsibility, etc | edited by Kevin Timpe, Meghan Griffith, and Neil Levy. |
| 260 ## - PUBLICATION, DISTRIBUTION, ETC. (IMPRINT) | |
| Place of publication | New York : |
| Name of publisher | Routledge, |
| Year of publication | 2019. |
| 300 ## - PHYSICAL DESCRIPTION | |
| Number of Pages | xxii, 707 p. : |
| Other physical details(ill.) | ill. ; |
| Dimensions(size) | 26 cm |
| 504 ## - BIBLIOGRAPHY, ETC. NOTE | |
| Bibliography, etc | Includes bibliographical references and index. |
| 650 #0 - SUBJECT ADDED ENTRY--TOPICAL TERM | |
| Topical Term | Free will and determinism. |
| 700 1# - ADDED ENTRY--PERSONAL NAME | |
| Personal name | Timpe, Kevin. |
| Relator term | editor. |
| Personal name | Griffith, Meghan |
| Relator term | Joint editor |
| Personal name | Levy, Neil |
| Relator term | Joint editor |
| 942 ## - ADDED ENTRY ELEMENTS (KOHA) | |
| Koha item type | Text Book |
| Withdrawn status | Lost status | Damaged status | Not for loan | Home library | Current library | Date acquired | Full call number | Accession Number | Price effective from | Koha item type |
|---|---|---|---|---|---|---|---|---|---|---|
| Not withdrawn | Not Lost | not damaged | Central Library, IIT Bhubaneswar | Central Library, IIT Bhubaneswar | 11/02/2025 | 170 TIM/R | TB12222 | 11/02/2025 | Text Book |